| 000 | 00601nam a2200193 a 4500 | ||
|---|---|---|---|
| 005 | 20210223125355.0 | ||
| 008 | 040514s1999 mx r 000 0 spa d | ||
| 020 | _a8481643343 | ||
| 035 | _aUPN01000133452 | ||
| 049 | _aCG | ||
| 050 | 4 |
_aKKT4610 _bI3.2 |
|
| 100 | 1 | _aIgartua Salaverría, Juan | |
| 245 | 1 | 3 |
_aEl caso Marey : _bpresunción de inocencia y votos particulares / _cJuan Igartua Salaverría. |
| 260 |
_aMadrid : _bTrotta, _c1999. |
||
| 300 | _a157 p. | ||
| 440 | 0 |
_aEstructuras y procesos. _pDerecho |
|
| 650 | 4 |
_aSENTENCIAS (PROCEDIMIENTOS PENALES) - _zESPAÑA _917775 |
|
| 905 | _aLibro | ||
| 999 |
_c105603 _d105603 |
||